Design and appraisal of rural transport infrastructure : Ensuring basic access for rural communities

Bewaard in:
Bibliografische gegevens
Hoofdauteur: Lebo, Jerry
Formaat: Boek
Taal:Undetermined
Gepubliceerd in: Washington, D. C. The World Bank 2001
Onderwerpen:
Tags: Voeg label toe
Geen labels, Wees de eerste die dit record labelt!
Thư viện lưu trữ: Trung tâm Học liệu Trường Đại học Cần Thơ
LEADER 00622nam a2200205Ia 4500
001 CTU_61718
008 210402s9999 xx 000 0 und d
082 |a 307.72 
082 |b L447 
100 |a Lebo, Jerry 
245 0 |a Design and appraisal of rural transport infrastructure : 
245 0 |b Ensuring basic access for rural communities 
245 0 |c Jerry Lebo and Dieter Schelling 
260 |a Washington, D. C. 
260 |b The World Bank 
260 |c 2001 
650 |a Rural development 
650 |x Socioeconomic aspects 
904 |i Minh,Hải 
980 |a Trung tâm Học liệu Trường Đại học Cần Thơ